South Eastern Kenya University

Library Online Public Access Catalogue


Storytelling online : (Record no. 14074)

MARC details
000 -LEADER
fixed length control field 00974cam a22002894a 4500
001 - CONTROL NUMBER
control field 13797390
003 - CONTROL NUMBER IDENTIFIER
control field OSt
005 - DATE AND TIME OF LATEST TRANSACTION
control field 20160517095602.0
008 - FIXED-LENGTH DATA ELEMENTS--GENERAL INFORMATION
fixed length control field 041123s2005 nyua b 001 0 eng
010 ## - LIBRARY OF CONGRESS CONTROL NUMBER
LC control number 2004027917
020 ## - INTERNATIONAL STANDARD BOOK NUMBER
International Standard Book Number 0820476293 (pbk. : alk. paper)
040 ## - CATALOGING SOURCE
Original cataloging agency SEKU
042 ## - AUTHENTICATION CODE
Authentication code pcc
050 00 - LIBRARY OF CONGRESS CALL NUMBER
Classification number RC 280
Item number .B8 2005
100 1# - MAIN ENTRY--PERSONAL NAME
Personal name Orgad, Shani,
Dates associated with a name 1972-
245 10 - TITLE STATEMENT
Title Storytelling online :
Remainder of title talking breast cancer on the Internet /
Statement of responsibility, etc. Shani Orgad.
260 ## - PUBLICATION, DISTRIBUTION, ETC. (IMPRINT)
Place of publication, distribution, etc. New York :
Name of publisher, distributor, etc. Peter Lang,
Date of publication, distribution, etc. c2005.
300 ## - PHYSICAL DESCRIPTION
Extent xiv, 206 p. :
Other physical details ill. ;
Dimensions 23 cm.
440 #0 - SERIES STATEMENT/ADDED ENTRY--TITLE
Title Digital formations ;
Volume/sequential designation v. 29
504 ## - BIBLIOGRAPHY, ETC. NOTE
Bibliography, etc Includes bibliographical references (p. [191]-200) and index.
650 #0 - SUBJECT ADDED ENTRY--TOPICAL TERM
Topical term or geographic name as entry element Breast
General subdivision Cancer
-- Computer network resources.
650 #0 - SUBJECT ADDED ENTRY--TOPICAL TERM
Topical term or geographic name as entry element Breast
General subdivision Cancer
-- Social aspects.
650 #0 - SUBJECT ADDED ENTRY--TOPICAL TERM
Topical term or geographic name as entry element Internet
General subdivision Social aspects.
650 #0 - SUBJECT ADDED ENTRY--TOPICAL TERM
Topical term or geographic name as entry element Internet in medicine.
856 41 - ELECTRONIC LOCATION AND ACCESS
Materials specified Table of contents
Uniform Resource Identifier <a href="http://www.loc.gov/catdir/toc/ecip054/2004027917.html">http://www.loc.gov/catdir/toc/ecip054/2004027917.html</a>
942 ## - ADDED ENTRY ELEMENTS (KOHA)
Source of classification or shelving scheme Library of Congress Classification
Koha item type General circulation
Holdings
Withdrawn status Lost status Source of classification or shelving scheme Damaged status Not for loan Home library Current library Shelving location Date acquired Source of acquisition Total Checkouts Full call number Barcode Date last seen Price effective from Koha item type Public note
    Library of Congress Classification     Main Campus Library Main Campus Library General Stacks 17/05/2016 Donation-books for Africa   RC 280 .B8 2005 2016/018121 17/05/2016 17/05/2016 General circulation A.K.
Kitui, Kenya.
+254736116989
library@seku.ac.ke